Thế giới tâm linh trong tiểu thuyết Tạ Duy Anh Luận văn thạc sĩ. Chuyên ngành văn học Việt Nam

Nội dung luận văn nghiên cứu về việc góp thêm một cách hiểu, cách cảm mới trong sáng tác Tạ Duy Anh thông qua những biểu hiện về thế giới tâm linh. Hơn nữa, cùng thể hiện một vấn đề tâm linh trong tiểu thuyết Tạ Duy Anh, chúng ta sẽ thấ...

وصف كامل

محفوظ في:
التفاصيل البيبلوغرافية
المؤلف الرئيسي: Lê, Xuân Trang
التنسيق: كتاب
اللغة:Undetermined
منشور في: Cần Thơ Đại học Cần Thơ 2013
الموضوعات:
الوسوم: إضافة وسم
لا توجد وسوم, كن أول من يضع وسما على هذه التسجيلة!
Thư viện lưu trữ: Trung tâm Học liệu Trường Đại học Cần Thơ
LEADER 01366nam a2200217Ia 4500
001 CTU_184397
008 210402s9999 xx 000 0 und d
082 |a 895.2231 
082 |b Tr106 
088 |a 60220121 
100 |a Lê, Xuân Trang 
245 0 |a Thế giới tâm linh trong tiểu thuyết Tạ Duy Anh 
245 0 |b Luận văn thạc sĩ. Chuyên ngành văn học Việt Nam 
245 0 |c Lê Xuân Trang ; Phạm Thanh Hùng người hướng dẫn khoa học 
260 |a Cần Thơ 
260 |b Đại học Cần Thơ 
260 |c 2013 
520 |a Nội dung luận văn nghiên cứu về việc góp thêm một cách hiểu, cách cảm mới trong sáng tác Tạ Duy Anh thông qua những biểu hiện về thế giới tâm linh. Hơn nữa, cùng thể hiện một vấn đề tâm linh trong tiểu thuyết Tạ Duy Anh, chúng ta sẽ thấy rõ hơn giá trị tiểu thuyết Tạ Duy Anh trong dòng chảy văn học hậu hiện đại Việt Nam với những bước đi riêng biệt và những đóng góp to lớn của nó. 
650 |a Văn học Việt Nam trung đại,Vietnamese literature 
904 |i Thuý Vi 
980 |a Trung tâm Học liệu Trường Đại học Cần Thơ